[Event "ODJM B 2014"]
[Site "Magdeburg GER"]
[Date "2014.06.09"]
[Round "3"]
[White "Reyher, Susan"]
[Black "Silber, Kevin"]
[Result "1-0"]
[Termination "normal"]
[Board "2"]
[WhiteElo "1436"]
[BlackElo "1522"]
[WhiteClock "00:06:16"]
[BlackClock "00:33:11"]
[PlyCount "135"]
[WhiteFideId "24686107"]
[BlackFideId "12930440"]
[EventCountry "GER"]
[EventRounds "9"]
[EventType "swiss"]
[EventDate "2014.06.07"]

1. e4 e5 2. Bc4 Nf6 3. d3 Bc5 4. Nc3 c6 5. Bg5 h6 6. Be3 Bb6 7. Nf3 d6 8. h3
Be6 9. Bb3 Nbd7 10. O-O Qe7 11. Bxb6 axb6 12. d4 g5 13. Bxe6 Qxe6 14. d5 Qe7
15. Nh2 h5 16. Re1 O-O-O 17. a4 g4 18. h4 g3 19. fxg3 Rdg8 20. Re3 Ng4 21. Nxg4
Rxg4 22. dxc6 bxc6 23. a5 b5 24. a6 Nb6 25. Rd3 Kc7 26. Qe2 Rhg8 27. Nxb5+ cxb5
28. Rc3+ Nc4 29. b3 Rxg3 30. Rxg3 Rxg3 31. bxc4 Rg8 32. cxb5 d5 33. exd5 Qc5+
34. Qf2 Qxd5 35. Qa7+ Kd6 36. Qb6+ Kd7 37. Qc6+ Qxc6 38. bxc6+ Kxc6 39. Kf2 Ra8
40. a7 Kd5 41. Ra5+ Kd6 42. Ke3 f5 43. c4 Ke6 44. Ra6+ Kd7 45. g3 Kc7 46. Kf3
Kb7 47. Ra5 e4+ 48. Kf4 Rxa7 49. Rxf5 Ra4 50. Kxe4 Rxc4+ 51. Kd5 Rg4 52. Rxh5
Rxg3 53. Rg5 Rh3 54. h5 Rh4 55. Ke5 Kc6 56. Kf5 Kd7 57. Kg6 Re4 58. h6 Re6+ 59.
Kh7 Kd8 60. Rh5 Ke7 61. Kg7 Re3 62. Rg5 Rf3 63. h7 Rf7+ 64. Kh6 Rf8 65. Rg7+
Ke6 66. Rg8 Re8 67. Rxe8+ Kf7 68. Ra8 0-1

[Event "ODJM B 2014"]
[Site "Magdeburg GER"]
[Date "2014.06.09"]
[Round "3"]
[White "Biermann, Florian"]
[Black "Rose, Luis Stratos"]
[Result "1/2-1/2"]
[Termination "normal"]
[Board "3"]
[WhiteElo "1725"]
[BlackElo "1392"]
[WhiteClock "00:02:50"]
[BlackClock "00:08:03"]
[PlyCount "47"]
[WhiteFideId "12970069"]
[BlackFideId "12976008"]
[EventCountry "GER"]
[EventRounds "9"]
[EventType "swiss"]
[EventDate "2014.06.07"]

1. g3 Nf6 2. Bg2 g6 3. Nf3 Bg7 4. O-O O-O 5. d4 d6 6. c3 Nbd7 7. Re1 c6 8. e4
e5 9. Qc2 Qc7 10. Be3 b6 11. Nbd2 Ng4 12. dxe5 dxe5 13. h3 Nxe3 14. Rxe3 Bb7
15. Rd1 Rad8 16. Nf1 Nc5 17. Rxd8 Rxd8 18. b4 Ne6 19. Rd3 Rxd3 20. Qxd3 Qd8 21.
Qc2 Qc7 22. Ne3 b5 23. a4 a6 24. Kf1 1/2-1/2

[Event "ODJM B 2014"]
[Site "Magdeburg GER"]
[Date "2014.06.09"]
[Round "3"]
[White "Lange, Cecilia"]
[Black "Schmidt, Alexandra"]
[Result "0-1"]
[Termination "normal"]
[Board "4"]
[WhiteElo "1553"]
[BlackElo "1518"]
[WhiteClock "00:36:55"]
[BlackClock "00:38:50"]
[PlyCount "118"]
[WhiteFideId "12976040"]
[BlackFideId "12946036"]
[EventCountry "GER"]
[EventRounds "9"]
[EventType "swiss"]
[EventDate "2014.06.07"]

1. e4 e6 2. d4 d5 3. e5 c5 4. c3 Nc6 5. Nf3 Qb6 6. Be3 Qxb2 7. Nbd2 Qxc3 8. Rc1
Qa5 9. Qb3 c4 10. Bxc4 dxc4 11. Qxc4 Bb4 12. O-O Bxd2 13. Bxd2 Qd8 14. Rfd1
Nge7 15. Bg5 O-O 16. Bxe7 Qxe7 17. d5 exd5 18. Qxd5 Be6 19. Qd2 Bxa2 20. Qxa2
Nxe5 21. Nxe5 Qxe5 22. Rd7 Qe4 23. Kf1 Rae8 24. Rb1 Rb8 25. Qb3 Rbe8 26. Qb2
Qc4+ 27. Kg1 Qe4 28. Kf1 Re7 29. Rxb7 Rxb7 30. Qxb7 Qxb7 31. Rxb7 Ra8 32. Ke2
Kf8 33. Kd3 a5 34. Kc3 a4 35. Kb2 g6 36. Ka3 Ra5 37. Rb4 Ke7 38. Rxa4 Rxa4+ 39.
Kxa4 Kd6 40. Kb4 Kd5 41. Kc3 f5 42. Kd3 Ke5 43. Ke3 g5 44. h3 f4+ 45. Kf3 h5
46. g3 Kf5 47. g4+ hxg4+ 48. hxg4+ Ke5 49. Ke2 Kd4 50. f3 Kc3 51. Ke1 Kd3 52.
Kf2 Kd2 53. Kf1 Ke3 54. Kg2 Ke2 55. Kh3 Kxf3 56. Kh2 Kxg4 57. Kg2 f3+ 58. Kh1
Kg3 59. Kg1 f2+ 0-1

[Event "ODJM B 2014"]
[Site "Magdeburg GER"]
[Date "2014.06.09"]
[Round "3"]
[White "Bethke, Robert"]
[Black "Hoang, Viet Long"]
[Result "1/2-1/2"]
[Termination "normal"]
[Board "5"]
[WhiteElo "1545"]
[BlackElo "1459"]
[WhiteClock "01:11:21"]
[BlackClock "00:24:54"]
[PlyCount "41"]
[WhiteFideId "12959251"]
[BlackFideId "12964824"]
[EventCountry "GER"]
[EventRounds "9"]
[EventType "swiss"]
[EventDate "2014.06.07"]

1. c4 e5 2. Nc3 Nf6 3. Nf3 Nc6 4. d3 Bb4 5. Bd2 d5 6. cxd5 Nxd5 7. g3 Be6 8.
Bg2 Bxc3 9. Bxc3 Nxc3 10. bxc3 O-O 11. O-O f5 12. Nd2 Qd7 13. Qc2 Rad8 14. Rfd1
Bd5 15. Bxd5+ Qxd5 16. Qb3 Qxb3 17. axb3 Rd7 18. b4 a6 19. Nb3 Rd6 20. Nc5 Nd8
21. Kg2 1/2-1/2

[Event "ODJM B 2014"]
[Site "Magdeburg GER"]
[Date "2014.06.09"]
[Round "3"]
[White "Hagenbeck-Hübert, Lara"]
[Black "Giede, Anna-Blume"]
[Result "1/2-1/2"]
[Termination "normal"]
[Board "6"]
[WhiteElo "1443"]
[BlackElo "1457"]
[WhiteClock "00:09:35"]
[BlackClock "00:13:00"]
[PlyCount "48"]
[WhiteFideId "12964484"]
[BlackFideId "12921980"]
[EventCountry "GER"]
[EventRounds "9"]
[EventType "swiss"]
[EventDate "2014.06.07"]

1. d4 c6 2. e4 d5 3. Nd2 dxe4 4. Nxe4 Nd7 5. Nf3 Ngf6 6. Bd3 Nxe4 7. Bxe4 Nf6
8. Bd3 Bg4 9. c3 e6 10. O-O Bd6 11. Re1 Qc7 12. h3 Bh5 13. Bd2 Bg6 14. Qc2 Bxd3
15. Qxd3 h6 16. c4 O-O 17. Ne5 Rad8 18. Bf4 c5 19. b3 cxd4 20. a3 Nd7 21. Nxd7
Rxd7 22. Bxd6 Rxd6 23. Re4 Rfd8 24. b4 b6 1/2-1/2

[Event "ODJM B 2014"]
[Site "Magdeburg GER"]
[Date "2014.06.09"]
[Round "3"]
[White "Thumm, Niklas"]
[Black "Manco, Michela"]
[Result "1-0"]
[Termination "normal"]
[Board "8"]
[WhiteElo "1521"]
[BlackElo "1541"]
[PlyCount "53"]
[WhiteFideId "12918733"]
[BlackFideId "12943908"]
[EventCountry "GER"]
[EventRounds "9"]
[EventType "swiss"]
[EventDate "2014.06.07"]

1. e4 e5 2. Nf3 Nc6 3. Bc4 Bc5 4. c3 Nf6 5. d4 exd4 6. cxd4 Bb4+ 7. Bd2 Nxe4 8.
Qe2 d5 9. Bb5 O-O 10. O-O Nxd2 11. Nbxd2 Bxd2 12. Qxd2 Ne7 13. Rae1 Bf5 14. Re3
Ng6 15. Rfe1 c6 16. Bd3 Bxd3 17. Qxd3 Qd7 18. h3 Rfe8 19. Ne5 Nxe5 20. dxe5 Re6
21. f4 Rae8 22. f5 Rh6 23. Rg3 c5 24. Qe3 Qc6 25. Qg5 Kf8 26. Qxg7+ Ke7 27. f6+
1-0

[Event "ODJM B 2014"]
[Site "Magdeburg GER"]
[Date "2014.06.09"]
[Round "3"]
[White "Meyer, Nico"]
[Black "Triantafillidis, Simeon"]
[Result "1-0"]
[Termination "normal"]
[Board "9"]
[WhiteElo "1486"]
[BlackElo "1361"]
[PlyCount "101"]
[WhiteFideId "12975257"]
[BlackFideId "12953113"]
[EventCountry "GER"]
[EventRounds "9"]
[EventType "swiss"]
[EventDate "2014.06.07"]

1. e4 e5 2. Nf3 Nc6 3. Bb5 a6 4. Bxc6 dxc6 5. O-O f6 6. d4 Bg4 7. dxe5 Qxd1 8.
Rxd1 Bxf3 9. gxf3 fxe5 10. f4 exf4 11. Bxf4 Rc8 12. Nc3 Bc5 13. e5 Ne7 14. Ne4
Bb6 15. c4 O-O 16. Bg3 Ng6 17. c5 Ba7 18. Rd7 Rfe8 19. f4 Rf8 20. Rf1 Rf5 21.
b4 Bb8 22. Ng5 Re8 23. e6 h6 24. Nf7 Rxe6 25. Rd8+ Kxf7 26. Rxb8 Ref6 27. Rxb7
Nxf4 28. Rxc7+ Kg8 29. Bxf4 Rxf4 30. Rxf4 Rxf4 31. Rxc6 Rxb4 32. Rxa6 Rc4 33.
c6 Kf8 34. Ra8+ Ke7 35. Ra7+ Kd6 36. c7 Rxc7 37. Rxc7 Kxc7 38. Kf2 Kc6 39. Kf3
Kb5 40. Kg4 Ka4 41. Kh5 Ka3 42. Kg6 Kxa2 43. Kxg7 h5 44. h4 Kb3 45. Kg6 Kc4 46.
Kxh5 Kd5 47. Kg6 Ke6 48. h5 Ke7 49. Kg7 Ke6 50. h6 Ke5 51. h7 1-0

[Event "ODJM B 2014"]
[Site "Magdeburg GER"]
[Date "2014.06.09"]
[Round "3"]
[White "Friedrich, Robert"]
[Black "Franz, Franz Theodor"]
[Result "1-0"]
[Termination "normal"]
[Board "11"]
[WhiteElo "1397"]
[BlackElo "1048"]
[PlyCount "63"]
[WhiteFideId "1271541"]
[BlackFideId "12992674"]
[EventCountry "GER"]
[EventRounds "9"]
[EventType "swiss"]
[EventDate "2014.06.07"]

1. e4 e5 2. Nf3 Nc6 3. Bc4 Nf6 4. d3 Be7 5. c3 d6 6. Nbd2 O-O 7. O-O Na5 8. Bb5
c6 9. Ba4 b5 10. Bc2 Be6 11. Re1 Qc7 12. Nf1 Rad8 13. Ng3 Bg4 14. h3 Be6 15.
Bd2 Nb7 16. b4 a6 17. a3 Rd7 18. Rc1 Rfd8 19. Bg5 h6 20. Be3 c5 21. a4 d5 22.
exd5 Bxd5 23. Bd2 c4 24. Nxe5 Rd6 25. d4 Nd7 26. Bf4 Re6 27. Qg4 Nxe5 28. Bxe5
Rxe5 29. Rxe5 Be6 30. Qe4 Nd6 31. Qh7+ Kf8 32. Qh8# 1-0

[Event "ODJM B 2014"]
[Site "Magdeburg GER"]
[Date "2014.06.09"]
[Round "3"]
[White "Grund, Melanie"]
[Black "Kleine, Jakob"]
[Result "1-0"]
[Termination "normal"]
[Board "12"]
[WhiteElo "1344"]
[BlackElo "1198"]
[PlyCount "47"]
[WhiteFideId "12988804"]
[BlackFideId "12979821"]
[EventCountry "GER"]
[EventRounds "9"]
[EventType "swiss"]
[EventDate "2014.06.07"]

1. d4 d5 2. e3 Nf6 3. Bd3 Nc6 4. c3 e6 5. f4 Bd6 6. Nf3 O-O 7. O-O b6 8. Ne5
Bxe5 9. fxe5 Ne4 10. Nd2 Nxd2 11. Bxd2 a5 12. Rf3 Ba6 13. Bc2 h6 14. Rg3 f5 15.
Qh5 Rf7 16. Qxh6 Kf8 17. Qxe6 Qd7 18. Bxf5 Qxe6 19. Bxe6 Re7 20. Bxd5 Bb7 21.
Rh3 Rd7 22. Rf1+ Ke8 23. Rh8+ Ke7 24. Rf7# 1-0

[Event "ODJM B 2014"]
[Site "Magdeburg GER"]
[Date "2014.06.09"]
[Round "3"]
[White "Tamrazyan, Gohar"]
[Black "Hoffmann, Simon"]
[Result "1/2-1/2"]
[Termination "normal"]
[Board "13"]
[WhiteElo "1483"]
[BlackElo "1126"]
[PlyCount "115"]
[WhiteFideId "1330799"]
[BlackFideId "12979686"]
[EventCountry "GER"]
[EventRounds "9"]
[EventType "swiss"]
[EventDate "2014.06.07"]

1. d4 d5 2. c4 e6 3. Nc3 g6 4. cxd5 exd5 5. Nf3 c6 6. e4 dxe4 7. Nxe4 Qe7 8.
Qe2 Be6 9. Bd2 Bg7 10. Bc3 Nd7 11. a3 Ngf6 12. Bb4 c5 13. Nxc5 Nxc5 14. Bxc5
Qd7 15. Ne5 Qd5 16. Qb5+ Bd7 17. Nxd7 Nxd7 18. Qe2+ Qe6 19. Qxe6+ fxe6 20. Bc4
Kf7 21. Rd1 Rac8 22. b3 Rhd8 23. O-O Rc6 24. Bb5 Rc7 25. Bxd7 Rcxd7 26. Bxa7
Bxd4 27. Bxd4 Rxd4 28. Rxd4 Rxd4 29. a4 Rd3 30. Rb1 Ke7 31. Kf1 Kd6 32. Ke2 Rc3
33. Kd2 Rc6 34. b4 Kd5 35. Kd3 Ra6 36. a5 b6 37. axb6 Rxb6 38. f4 e5 39. fxe5
Kxe5 40. Kc4 Kd6 41. b5 Kd7 42. Kc5 Kc7 43. Rf1 Rb7 44. Rf7+ Kb8 45. Rxb7+ Kxb7
46. b6 h6 47. g3 g5 48. Kd5 Kxb6 49. Ke5 Kc5 50. Kf5 Kd4 51. Kg6 Ke4 52. Kh5
Ke5 53. g4 Kf4 54. h4 gxh4 55. Kxh4 Ke5 56. Kh5 Kf4 57. Kh4 Ke5 58. Kh5 1/2-1/2

[Event "ODJM B 2014"]
[Site "Magdeburg GER"]
[Date "2014.06.09"]
[Round "3"]
[White "Kung, Fanny"]
[Black "Eggert, Daniela"]
[Result "1/2-1/2"]
[Termination "normal"]
[Board "15"]
[WhiteElo "1118"]
[BlackElo "1405"]
[PlyCount "52"]
[WhiteFideId "12987689"]
[BlackFideId "12991490"]
[EventCountry "GER"]
[EventRounds "9"]
[EventType "swiss"]
[EventDate "2014.06.07"]

1. e4 e5 2. Nf3 Nc6 3. Bc4 Bc5 4. c3 Nf6 5. d4 exd4 6. e5 Ng4 7. cxd4 Bb6 8.
Bxf7+ Kxf7 9. Ng5+ Ke8 10. Qxg4 Bxd4 11. e6 Qf6 12. exd7+ Bxd7 13. Qe2+ Kf8 14.
O-O h6 15. Nf3 Bg4 16. Nbd2 Re8 17. Qc4 Bxf3 18. Nxf3 Bxb2 19. Bxb2 Qxb2 20.
Rab1 Qf6 21. Rxb7 Qd6 22. Rb5 Ne5 23. Nxe5 Rxe5 24. Rxe5 Qxe5 25. g3 Ke7 26.
Qb4+ Qd6 1/2-1/2

[Event "ODJM B 2014"]
[Site "Magdeburg GER"]
[Date "2014.06.09"]
[Round "3"]
[White "Gan, Maxwell"]
[Black "Petri, Ben-Luca"]
[Result "1/2-1/2"]
[Termination "normal"]
[Board "17"]
[WhiteElo "1109"]
[BlackElo "1394"]
[PlyCount "134"]
[WhiteFideId "16210581"]
[BlackFideId "12947261"]
[EventCountry "GER"]
[EventRounds "9"]
[EventType "swiss"]
[EventDate "2014.06.07"]

1. e4 e6 2. Nc3 d5 3. Nf3 Nf6 4. Qe2 Be7 5. g3 Nc6 6. Bg2 d4 7. Nb5 a6 8. Na3
e5 9. d3 h6 10. Nc4 Bd6 11. O-O O-O 12. Bd2 Be6 13. Nxd6 Qxd6 14. c3 Bg4 15. h3
Bh5 16. Rfe1 Rad8 17. c4 Nd7 18. Rac1 a5 19. Rc2 Nb4 20. Bxb4 Qxb4 21. a3 Qb6
22. Rec1 Nc5 23. g4 Bg6 24. Nxe5 Nb3 25. Rb1 c5 26. Qf3 a4 27. Qg3 Qd6 28. f4
Bh7 29. Nf3 g5 30. e5 gxf4 31. Qxf4 Qe6 32. Bf1 f5 33. g5 h5 34. Nd2 Na5 35.
Re1 Rf7 36. Be2 Bg6 37. Bf3 Nc6 38. Bd5 Rxd5 39. cxd5 Qxd5 40. Nc4 Qe6 41. Rce2
Ne7 42. Nd6 Nd5 43. Qf3 Rd7 44. Rc1 b6 45. Rf2 f4 46. Re2 Kg7 47. Ne4 Re7 48.
Nd6 Rd7 49. Ne4 Re7 50. Nf6 Ne3 51. Qxf4 Qxe5 52. Qxe5 Rxe5 53. Nd7 Rxg5+ 54.
Kf2 Bxd3 55. Ree1 Rf5+ 56. Kg3 h4+ 57. Kxh4 Ng2+ 58. Kg4 Nxe1 59. Rxe1 b5 60.
Rd1 Bc2 61. Rc1 d3 62. Kxf5 d2+ 63. Rxc2 d1=Q 64. Rg2+ Kf7 65. Ne5+ Ke7 66.
Rg7+ Ke8 67. Rg8+ Ke7 1/2-1/2

[Event "ODJM B 2014"]
[Site "Magdeburg GER"]
[Date "2014.06.09"]
[Round "3"]
[White "Von Jan, Lena"]
[Black "Katholy, Joshua"]
[Result "1-0"]
[Termination "normal"]
[Board "18"]
[WhiteElo "1322"]
[BlackElo "1104"]
[PlyCount "83"]
[WhiteFideId "12946060"]
[BlackFideId "12990647"]
[EventCountry "GER"]
[EventRounds "9"]
[EventType "swiss"]
[EventDate "2014.06.07"]

1. e4 e5 2. Nf3 Nc6 3. Bb5 Bc5 4. c3 Nf6 5. d3 O-O 6. O-O d5 7. exd5 Nxd5 8.
Bxc6 bxc6 9. Nxe5 Qd6 10. d4 Bb6 11. Re1 c5 12. Nc4 Qf6 13. Nxb6 cxb6 14. dxc5
Bb7 15. cxb6 axb6 16. Be3 Rad8 17. Qc1 Nxe3 18. Qxe3 Qc6 19. f3 Rfe8 20. Qf2
Rxe1+ 21. Qxe1 Qc5+ 22. Kh1 Qc6 23. Nd2 Re8 24. Qf2 h6 25. Nb3 Ba6 26. h3 Re2
27. Qf1 Qc8 28. Qc1 Qe6 29. Nd4 Qe7 30. Nxe2 Bxe2 31. Qe1 Qe8 32. Rc1 Qe3 33.
Rc2 Qe6 34. Rxe2 Qxa2 35. Re8+ Kh7 36. Qe4+ g6 37. Qe5 Qb1+ 38. Kh2 g5 39. Rh8+
Kg6 40. Rg8+ Kh5 41. g4+ Kh4 42. Qg3# 1-0

[Event "ODJM B 2014"]
[Site "Magdeburg GER"]
[Date "2014.06.09"]
[Round "3"]
[White "Müdder, Melanie"]
[Black "Adelmeyer, Matti"]
[Result "0-1"]
[Termination "normal"]
[Board "19"]
[WhiteElo "1098"]
[BlackElo "1316"]
[PlyCount "134"]
[WhiteFideId "12994103"]
[BlackFideId "12962520"]
[EventCountry "GER"]
[EventRounds "9"]
[EventType "swiss"]
[EventDate "2014.06.07"]

1. e4 e5 2. Nf3 Nc6 3. Bc4 Bc5 4. O-O Nf6 5. d4 Bxd4 6. Nxd4 Nxd4 7. f4 Nc6 8.
Bxf7+ Kxf7 9. fxe5 Nxe5 10. Qd5+ Kf8 11. Qxe5 d6 12. Qd4 Qe7 13. Bg5 Kf7 14.
Nd2 Rf8 15. Bxf6 gxf6 16. Rae1 Kg8 17. Re3 Be6 18. Rg3+ Kh8 19. b3 c5 20. Qc3
d5 21. exd5 Bxd5 22. Re3 Qd6 23. Ne4 Bxe4 24. Rxe4 Rac8 25. Ref4 Rc6 26. R4f3
Qd4+ 27. Qe3 Re6 28. Qxd4 cxd4 29. c3 dxc3 30. Rxc3 Re2 31. a4 Rb2 32. Re1 Rd8
33. h3 Kg8 34. Rg3+ Kf7 35. Rge3 Rd7 36. R1e2 Rxe2 37. Rxe2 Rd1+ 38. Kf2 Rb1
39. Re3 f5 40. g3 Kg6 41. Re6+ Kg5 42. Re7 Rb2+ 43. Kg1 Rxb3 44. Rxh7 Rxg3+ 45.
Kh2 Ra3 46. Rg7+ Kf6 47. Rxb7 Rxa4 48. Rb1 f4 49. Rf1 Kf5 50. Kg2 a5 51. h4 Rb4
52. h5 Kg5 53. h6 Kxh6 54. Ra1 a4 55. Kf3 Kg5 56. Rg1+ Kf5 57. Ra1 Rb3+ 58. Ke2
a3 59. Kd1 f3 60. Ke1 Kf4 61. Ra2 Rb1+ 62. Kf2 Rb2+ 63. Rxb2 axb2 64. Ke1 b1=Q+
65. Kd2 Qb3 66. Ke1 Ke3 67. Kf1 Qd1# 0-1

[Event "ODJM B 2014"]
[Site "Magdeburg GER"]
[Date "2014.06.09"]
[Round "3"]
[White "Tham, Minh"]
[Black "Scherping, Stephan"]
[Result "1-0"]
[Termination "normal"]
[Board "20"]
[WhiteElo "1275"]
[BlackElo "1094"]
[PlyCount "133"]
[WhiteFideId "12997323"]
[EventCountry "GER"]
[EventRounds "9"]
[EventType "swiss"]
[EventDate "2014.06.07"]

1. e4 e5 2. Nf3 Nc6 3. Bc4 Bc5 4. c3 Nf6 5. d3 h6 6. O-O O-O 7. Re1 d6 8. Nbd2
Bg4 9. Nf1 Qd7 10. Ng3 Rfe8 11. h3 Be6 12. Bb3 a5 13. Nh2 Kf8 14. Qf3 Ne7 15.
Bxe6 Qxe6 16. Nhf1 d5 17. Ne3 Rad8 18. Nef5 Nxf5 19. Nxf5 dxe4 20. dxe4 b5 21.
Qg3 Nh5 22. Qg4 Qg6 23. Qxg6 fxg6 24. Ne3 Nf4 25. c4 bxc4 26. Nxc4 Nd3 27. Rf1
a4 28. Be3 Bd4 29. Bxd4 exd4 30. f3 c5 31. b3 axb3 32. axb3 Rb8 33. Ra3 Nb4 34.
Nd2 d3 35. Ra5 Rec8 36. f4 Ra8 37. Raa1 Nc2 38. Rxa8 Rxa8 39. f5 gxf5 40. Rxf5+
Ke7 41. Re5+ Kd6 42. Rd5+ Ke6 43. Rxd3 Ra1+ 44. Nf1 Re1 45. Rc3 Nd4 46. Rxc5
Rxe4 47. b4 Ne2+ 48. Kf2 Nc3 49. Rxc3 Rxb4 50. Rg3 g5 51. Ra3 Rb2+ 52. Kf3 h5
53. Ra6+ Kf5 54. Ne3+ Ke5 55. Nc4+ Kf5 56. Nxb2 g4+ 57. hxg4+ hxg4+ 58. Kg3 Kg5
59. Ra5+ Kh6 60. Kxg4 Kg6 61. Ra6+ Kf7 62. Kf5 Ke8 63. Ra7 Kd8 64. g4 Ke8 65.
g5 Kf8 66. Ke6 Ke8 67. Ra8# 1-0

[Event "ODJM B 2014"]
[Site "Magdeburg GER"]
[Date "2014.06.09"]
[Round "3"]
[White "Maar, Patricia"]
[Black "Röhr, Oliver"]
[Result "1-0"]
[Termination "normal"]
[Board "22"]
[WhiteElo "1093"]
[BlackElo "1245"]
[PlyCount "41"]
[WhiteFideId "12952630"]
[BlackFideId "12987697"]
[EventCountry "GER"]
[EventRounds "9"]
[EventType "swiss"]
[EventDate "2014.06.07"]

1. c4 e5 2. g3 Nf6 3. Nc3 c6 4. Bg2 d5 5. b3 Be6 6. d3 Bc5 7. e3 O-O 8. Nge2
Bb6 9. O-O Qd7 10. Re1 Bh3 11. Bh1 Ng4 12. Bf3 Qd6 13. cxd5 cxd5 14. Nxd5 Nd7
15. a4 Ndf6 16. Nec3 h6 17. Nxf6+ Qxf6 18. Bxg4 Bxg4 19. Qxg4 Rac8 20. Nd5 Qc6
21. Ne7+ 1-0

[Event "ODJM B 2014"]
[Site "Magdeburg GER"]
[Date "2014.06.09"]
[Round "3"]
[White "Schneider, Edward"]
[Black "Grothe, Pascal"]
[Result "1-0"]
[Termination "normal"]
[Board "24"]
[WhiteElo "1078"]
[BlackElo "1236"]
[PlyCount "73"]
[WhiteFideId "16200870"]
[EventCountry "GER"]
[EventRounds "9"]
[EventType "swiss"]
[EventDate "2014.06.07"]

1. e4 e5 2. Nf3 Nc6 3. d4 exd4 4. Bc4 d6 5. Nxd4 Nxd4 6. Qxd4 Be6 7. O-O Bxc4
8. Qxc4 Qd7 9. Nc3 Be7 10. Re1 Bf6 11. Bf4 O-O-O 12. Rad1 Kb8 13. h3 g5 14. Bh2
h6 15. e5 Bg7 16. exd6 c6 17. Re7 Nxe7 18. dxe7+ Kc8 19. exd8=Q+ Qxd8 20. Rxd8+
Rxd8 21. Bg3 Bxc3 22. Qxc3 Rd1+ 23. Kh2 Rd8 24. Qf6 Rd7 25. Qxh6 a6 26. Qxg5 b5
27. h4 Kb7 28. h5 Rd5 29. Qe7+ Kb6 30. Qxf7 b4 31. Qg6 a5 32. h6 Kb5 33. h7 a4
34. h8=Q b3 35. Qb8+ Ka5 36. Bc7+ Ka6 37. Qxc6# 1-0

[Event "ODJM B 2014"]
[Site "Magdeburg GER"]
[Date "2014.06.09"]
[Round "3"]
[White "Bardorz, Stefan"]
[Black "Lommel, Hagen"]
[Result "0-1"]
[Termination "normal"]
[Board "25"]
[WhiteElo "1047"]
[BlackElo "1209"]
[PlyCount "122"]
[WhiteFideId "16245474"]
[BlackFideId "12972380"]
[EventCountry "GER"]
[EventRounds "9"]
[EventType "swiss"]
[EventDate "2014.06.07"]

1. e4 e5 2. Nf3 Nc6 3. d4 exd4 4. Nxd4 Bc5 5. Be3 Qf6 6. c3 Nge7 7. Bc4 Ne5 8.
Nd2 Nxc4 9. Nxc4 Ng6 10. O-O O-O 11. Qh5 Bxd4 12. Bxd4 Qh4 13. Qxh4 Nxh4 14.
Rfe1 d6 15. e5 Be6 16. Ne3 c5 17. exd6 cxd4 18. Nc2 Rad8 19. Re4 Nf5 20. g4
Nxd6 21. Rxd4 Nc4 22. Rxd8 Rxd8 23. b3 Nb6 24. h3 Rd3 25. Ne3 Nd5 26. Nxd5 Bxd5
27. Kh2 Rxc3 28. Rd1 Rc5 29. b4 Rb5 30. a4 Rxb4 31. Rxd5 h6 32. a5 a6 33. Kg3
Kf8 34. Re5 f6 35. Re3 Ra4 36. Rb3 Rxa5 37. Rxb7 Ra3+ 38. Kg2 a5 39. Ra7 a4 40.
Kh2 Ra1 41. Kg2 a3 42. Kh2 a2 43. Kg2 Ke8 44. Kf3 Kd8 45. Rxg7 Rb1 46. Ra7 a1=Q
47. Rxa1 Rxa1 48. Kg3 Ke7 49. f3 Kf7 50. Kh4 Kg6 51. f4 f5 52. gxf5+ Kxf5 53.
Kh5 Kxf4 54. h4 Rh1 55. Kxh6 Rxh4+ 56. Kg6 Rh3 57. Kf6 Rh6+ 58. Ke7 Kf5 59. Kf7
Rh7+ 60. Ke8 Kf6 61. Kf8 Rh8# 0-1

[Event "ODJM B 2014"]
[Site "Magdeburg GER"]
[Date "2014.06.09"]
[Round "3"]
[White "Grey, Andrea"]
[Black "Meinschien, Nick"]
[Result "1-0"]
[Termination "normal"]
[Board "26"]
[WhiteElo "1205"]
[BlackElo "996"]
[PlyCount "93"]
[WhiteFideId "12971880"]
[BlackFideId "12989673"]
[EventCountry "GER"]
[EventRounds "9"]
[EventType "swiss"]
[EventDate "2014.06.07"]

1. Nf3 Nf6 2. d4 d5 3. b3 Bf5 4. Bb2 e6 5. a3 Nc6 6. e3 a6 7. Bd3 Bg6 8. O-O
Bd6 9. c4 Bxd3 10. Qxd3 O-O 11. Nc3 h6 12. Rfd1 Ne7 13. c5 Ng6 14. cxd6 Qxd6
15. h3 c5 16. Ne2 Ne4 17. Rac1 cxd4 18. Qxd4 Nf6 19. Rc2 Rfe8 20. Rdc1 e5 21.
Qd2 Qb6 22. b4 e4 23. Nfd4 Ne5 24. Nf4 Rad8 25. Rc5 g5 26. Nfe2 Nd3 27. Nf5
Nxc1 28. Qxc1 Kh7 29. Qc3 Re6 30. Rc7 Rf8 31. Qc2 Ne8 32. Rc5 Rc6 33. Bd4 Re6
34. Rxd5 Qc7 35. Rc5 Qd7 36. Neg3 b6 37. Rc4 Nd6 38. Nxd6 Rxd6 39. Nxe4 Re6 40.
Nf6+ Kg7 41. Nxd7+ Kg8 42. Nxf8 Kxf8 43. Rc8+ Re8 44. Rxe8+ Kxe8 45. Qc7 a5 46.
Bf6 Kf8 47. Qd8# 1-0

[Event "ODJM B 2014"]
[Site "Magdeburg GER"]
[Date "2014.06.09"]
[Round "3"]
[White "von Schoenebeck, Konstantin"]
[Black "Wu, Erik"]
[Result "0-1"]
[Termination "normal"]
[Board "27"]
[WhiteElo "1023"]
[BlackElo "1187"]
[PlyCount "86"]
[WhiteFideId "12977349"]
[BlackFideId "12977489"]
[EventCountry "GER"]
[EventRounds "9"]
[EventType "swiss"]
[EventDate "2014.06.07"]

1. e4 c5 2. Nf3 Nc6 3. d4 cxd4 4. Nxd4 Nf6 5. Nc3 g6 6. Be3 Bg7 7. Be2 O-O 8.
O-O d5 9. Nxc6 bxc6 10. Bf3 Bb7 11. exd5 cxd5 12. Na4 Bc6 13. Nc5 Qd6 14. Qd2
Rfd8 15. Nb3 e5 16. Bc5 Qc7 17. c3 a5 18. Qe3 Nd7 19. a4 Nxc5 20. Nxc5 d4 21.
cxd4 exd4 22. Qg5 Bxf3 23. gxf3 Qc6 24. Kg2 Rd5 25. Qf4 Qxc5 26. Rac1 Qd6 27.
Qe4 d3 28. Rcd1 d2 29. Rxd2 Rxd2 30. Qxa8+ Bf8 31. Qxa5 Rxb2 32. Ra1 Qd4 33.
Qe1 Rxf2+ 34. Qxf2 Qxa1 35. Qa7 Kg7 36. a5 Qa3 37. a6 Bc5 38. Qb7 h5 39. Kg3 g5
40. h4 Qe3 41. Qe4 Qf2+ 42. Kh3 Qf1+ 43. Kg3 Bd6+ 0-1

[Event "ODJM B 2014"]
[Site "Magdeburg GER"]
[Date "2014.06.09"]
[Round "3"]
[White "Böse, Christina"]
[Black "Breß, Aaron"]
[Result "0-1"]
[Termination "normal"]
[Board "29"]
[WhiteElo "1356"]
[BlackElo "1364"]
[PlyCount "92"]
[WhiteFideId "12929654"]
[BlackFideId "12996432"]
[EventCountry "GER"]
[EventRounds "9"]
[EventType "swiss"]
[EventDate "2014.06.07"]

1. e4 c6 2. d4 d5 3. e5 Bf5 4. g4 Bg6 5. h4 h6 6. h5 Bh7 7. e6 Qd6 8. exf7+
Kxf7 9. Bd3 Bxd3 10. Qxd3 Qf6 11. Nf3 Nd7 12. O-O e6 13. Nbd2 Ne7 14. c4 g6 15.
cxd5 Nxd5 16. hxg6+ Qxg6 17. Qxg6+ Kxg6 18. Ne5+ Nxe5 19. dxe5 Kh7 20. Nb3 Rg8
21. f3 Be7 22. Bd2 h5 23. Kf2 Rad8 24. Rh1 h4 25. Rag1 Kg7 26. f4 Rh8 27. f5
exf5 28. gxf5+ Kf7 29. f6 Bf8 30. Re1 Bb4 31. Bxb4 Nxb4 32. Kf3 Nd5 33. Kg4
Rdg8+ 34. Kf5 Rh5+ 35. Ke4 Rg4+ 36. Kd3 Nb4+ 37. Kd2 Rg2+ 38. Kd1 Nd3 39. e6+
Kxf6 40. e7 Rh8 41. e8=Q Rxe8 42. Rxe8 Nf2+ 43. Ke1 Nxh1 44. Rf8+ Kg7 45. Rd8
Ng3 46. Rd3 h3 0-1

[Event "ODJM B 2014"]
[Site "Magdeburg GER"]
[Date "2014.06.09"]
[Round "3"]
[White "Wernecke, Tim"]
[Black "Groskurt, Benjamin"]
[Result "1-0"]
[Termination "normal"]
[Board "31"]
[WhiteElo "990"]
[BlackElo "1141"]
[PlyCount "61"]
[WhiteFideId "12997137"]
[EventCountry "GER"]
[EventRounds "9"]
[EventType "swiss"]
[EventDate "2014.06.07"]

1. e4 e6 2. d4 d5 3. exd5 exd5 4. Nc3 Nf6 5. Nf3 Bd6 6. Bd3 Be6 7. O-O O-O 8.
Ng5 h6 9. Nxe6 fxe6 10. Re1 Qd7 11. Qe2 Re8 12. Bg6 Re7 13. Qd3 b6 14. Bd2 c5
15. b3 Nc6 16. Nb5 a6 17. Nxd6 Qxd6 18. Bc3 e5 19. dxe5 Nxe5 20. Bxe5 Rxe5 21.
Rad1 Ng4 22. Bh7+ Kh8 23. g3 Rae8 24. Rxe5 Rxe5 25. Qg6 Qxg6 26. Bxg6 d4 27. f4
Ne3 28. fxe5 Nxd1 29. e6 Kg8 30. e7 d3 31. e8=Q# 1-0